| 000 | 00648nam a22002057a 4500 | ||
|---|---|---|---|
| 999 |
_c11166 _d11166 |
||
| 003 | AR-CdUCM | ||
| 008 | 190403b ||||| |||| 00| 0 spa d | ||
| 040 |
_aMUNICIPALIDAD PROVINCIAL DEL CUSCO _cBIBLIOTECA MUNICIPAL DEL CUSCO |
||
| 082 |
_aES / 373.985 / _bL35 |
||
| 100 |
_aLecaros, Fernando _911902 |
||
| 245 |
_aHistoria del Perú : _bAntiguo Perú / |
||
| 260 |
_aLima : _bNavarrete, _c1986. |
||
| 300 |
_a126 paginas ; _bilustraciones, graficos, dibujos, retratos, _c24 cm. |
||
| 500 | _aHistoria del Perú | ||
| 650 |
_aHistoria _9246 |
||
| 650 |
_aPerú _935 |
||
| 650 |
_aTexto educativo _925832 |
||
| 942 |
_2ddc _cLIBROS |
||
| 945 | _apjha | ||